Mishkat-ul-Masabih : (Record no. 347346)
[ view plain ]
| 000 -LEADER | |
|---|---|
| fixed length control field | 01016cam a2200241 a 4500 |
| 001 - CONTROL NUMBER | |
| control field | 2940057 |
| 005 - DATE AND TIME OF LATEST TRANSACTION | |
| control field | 20240219142203.0 |
| 008 - FIXED-LENGTH DATA ELEMENTS--GENERAL INFORMATION | |
| fixed length control field | 900119s1989 pk 000 0 eng |
| 010 ## - LIBRARY OF CONGRESS CONTROL NUMBER | |
| LC control number | 89933227 |
| 040 ## - CATALOGING SOURCE | |
| Original cataloging agency | DLC |
| Transcribing agency | DLC |
| 050 00 - LIBRARY OF CONGRESS CALL NUMBER | |
| Classification number | BP135.A2 |
| Item number | K4613 1989 |
| 082 00 - DEWEY DECIMAL CLASSIFICATION NUMBER | |
| Classification number | 297.1240521 |
| Author Mark | MIS |
| 100 1# - MAIN ENTRY--PERSONAL NAME | |
| Personal name | Khaṭīb al-Tibrīzī, Muḥammad ibn ʻAbd Allāh, |
| Dates associated with a name | active 1337. |
| 9 (RLIN) | 120721 |
| 245 10 - TITLE STATEMENT | |
| Title | Mishkat-ul-Masabih : |
| Remainder of title | a summerized version, Arabic-English / |
| Statement of responsibility, etc. | compiled by Wali-ud-Din bin ʻAbdullah al-Khatab al-ʻUmari al-Tabrizi ; translated and annotated into English by Abdul Hameed Siddiqui. |
| 250 ## - EDITION STATEMENT | |
| Edition statement | 1st ed. |
| 260 ## - PUBLICATION, DISTRIBUTION, ETC. | |
| Place of publication, distribution, etc. | New Delhi, India : |
| Name of publisher, distributor, etc. | Kitab Bhavan Publications, |
| Date of publication, distribution, etc. | 1999. |
| 300 ## - PHYSICAL DESCRIPTION | |
| Extent | Vol. III, 584 p. ; |
| Dimensions | 25 cm. |
| 650 #0 - SUBJECT ADDED ENTRY--TOPICAL TERM | |
| Topical term or geographic name entry element | Hadith |
| General subdivision | Texts |
| -- | Early works to 1800. |
| 9 (RLIN) | 37345 |
| 880 ## - ALTERNATE GRAPHIC REPRESENTATION | |
| Linkage | 245\r |
| Title | مشکوۃ المصابیح |
| 906 ## - LOCAL DATA ELEMENT F, LDF (RLIN) | |
| a | 7 |
| b | cbc |
| c | orignew |
| d | 3 |
| e | ncip |
| f | 19 |
| g | y-gencatlg |
| 942 ## - ADDED ENTRY ELEMENTS (KOHA) | |
| Source of classification or shelving scheme | |
| Koha item type | Book |
| Withdrawn status | Lost status | Source of classification or shelving scheme | Damaged status | Not for loan | Permanent Location | Current Location | Shelving location | Date acquired | Full call number | Barcode | Date last seen | Price effective from | Koha item type | Total Checkouts | Checked out | Date last checked out |
|---|---|---|---|---|---|---|---|---|---|---|---|---|---|---|---|---|
| Central Library (CL) | Central Library (CL) | First Floor - Islam | 08/28/2013 | 297.1240521 MIS | NBS4299 | 06/12/2025 | 08/28/2013 | Book | 2 | 10/10/2025 | 06/12/2025 | |||||
| NUST Law School (NLS) | NUST Law School (NLS) | First Floor - Islam | 08/28/2013 | 297.1240521 MIS | NBS4301 | 01/25/2024 | 08/28/2013 | Reference | ||||||||
| NUST Law School (NLS) | NUST Law School (NLS) | First Floor - Islam | 08/28/2013 | 297.1240521 MIS | NBS4300 | 08/28/2013 | 08/28/2013 | Reference |
